Lyrics to "Dreadnought" by Sabaton - Statistics

General Stats
  • This quiz has been taken 87 times
  • The average score is 111 of 171
Answer Stats
Lyrics % Correct
A
100%
The
100%
Dread
94%
And
92%
In
88%
Nothing
88%
All
87%
At
87%
Dreadnoughts
83%
Sea
83%
Water
81%
It
79%
They
77%
Waves
77%
As
75%
Their
75%
Across
73%
Fall
73%
Commands
71%
Fear
71%
Foes
71%
Its
71%
Shadow
71%
Skies
71%
When
71%
Moves
69%
Pursuit
69%
Believe
67%
Can't
67%
Crimson
67%
Eyes
67%
Over
67%
Splits
67%
Time
67%
War
67%
Will
67%
Guns
65%
Legend
65%
Of
65%
Rise
65%
Size
65%
Under
65%
To
63%
Wind
63%
Defies
62%
Immortalized
62%
Path
62%
Cannons
60%
Displace
60%
Nought
58%
Unleash
56%
For
54%
Unopposed
54%
Fleet
52%
Prey
50%
Steel
50%
Wrath
50%
Among
48%
Instilling
48%
Last
48%
Lead
48%
Serve
48%
Firepower
46%
Hull
46%
Into
46%
Itself
46%
Navy
46%
Reveal
46%
Feels
44%
Has
44%
Unrivalled
44%
Align
42%
Calm
42%
Fearless
42%
Lies
42%
North
42%
Riding
42%
Roar
42%
Storm
42%
Armada
40%
Below
40%
Big
40%
Down
40%
Seas
40%
Shore
40%
Ahead
38%
Drawn
38%
Them
38%
Awaiting
37%
Blow
37%
Bombarding
37%
High
37%
Now
37%
Send
37%
Commence
35%
Contest
35%
Near
35%
Grand
33%
Up
33%
Night
31%
Prepares
31%
Days
29%
Dictate
29%
Light
29%
These
29%
Approach
27%
Fate
27%
Titans
27%
Clash
25%
Unleashed
25%
Devestating
12%
No matching quizzes found
Score Distribution
Percent of People with Each Score
Percentile by Number Answered
Your Score History
You have not taken this quiz